[Event "AUTO-ADV-4506"]
[Site "http://www.queenalice.com/game.php?id=1761402"]
[Date "2021.6.5"]
[Round "1"]
[White "Wecker"]
[Black "worldwide"]
[Result "1-0"]
[WhiteElo "1988"]
[BlackElo "1874"]

1. e4 e5 2. Nf3 d6 3. d4 exd4 4. c3 dxc3 5. Bc4 h6 6. O-O cxb2 7. Bxb2 Nd7 8.
Re1 f6 9. Nc3 Ne5 10. Nxe5 fxe5 11. Qh5+ 1-0

[Event "AUTO-ADV-4506"]
[Site "http://www.queenalice.com/game.php?id=1761403"]
[Date "2021.6.5"]
[Round "1"]
[White "worldwide"]
[Black "Wecker"]
[Result "1-0"]
[WhiteElo "1894"]
[BlackElo "1949"]

1. Nf3 c5 2. d4 e6 3. dxc5 Bxc5 4. e3 Nc6 5. Nc3 Nf6 6. g3 O-O 7. Bg2 d5 8. O-O
e5 9. a4 Bg4 10. h3 Bh5 11. b3 e4 12. g4 Nxg4 13. hxg4 Bxg4 14. Qxd5 exf3 15.
Qxd8 Raxd8 16. Bh1 Rd6 17. Ne4 Rh6 18. Nxc5 Re8 19. Nd3 Ree6 20. Ne1 Bh3 21.
Bxf3 Reg6+ 22. Ng2 Ne5 23. Be4 Rg5 24. Rd1 g6 25. Rd8+ Kg7 26. Bb2 Rhh5 27. f4
Rg4 28. Bxe5+ 1-0

[Event "AUTO-ADV-4506"]
[Site "http://www.queenalice.com/game.php?id=1761416"]
[Date "2021.6.5"]
[Round "1"]
[White "worldwide"]
[Black "madriles"]
[Result "0-1"]
[WhiteElo "2021"]
[BlackElo "1937"]

1. e4 d6 2. d4 Nf6 3. Bd3 g6 4. Nf3 Bg7 5. O-O O-O 6. Be3 e6 7. c3 Nc6 8. Na3 a6
9. e5 dxe5 10. dxe5 Ng4 11. Bc5 Re8 12. Qe2 Qd5 13. Bd4 Ngxe5 14. Nxe5 Nxe5 15.
Be4 Qd6 16. Rfd1 Qe7 17. Nc4 Nxc4 18. Bxg7 Kxg7 19. Qxc4 Rb8 20. b4 b5 21. Qd4+
Qf6 22. Qd2 Bb7 23. Bxb7 Rxb7 24. Qd7 Re7 25. Qc6 Rb6 26. Qa8 Rd6 27. Rxd6 cxd6
28. Rc1 Rc7 29. Qxa6 Rxc3 30. Rd1 Rc2 31. Qa7 Qb2 32. g3 Qxb4 33. Qa6 Qb2 0-1

[Event "AUTO-ADV-4506"]
[Site "http://www.queenalice.com/game.php?id=1761417"]
[Date "2021.6.5"]
[Round "1"]
[White "madriles"]
[Black "worldwide"]
[Result "0-1"]
[WhiteElo "1934"]
[BlackElo "2002"]

1. d4 d5 2. c4 dxc4 3. Nf3 g6 4. e4 Bg7 5. Bxc4 Nf6 6. Nc3 O-O 7. e5 Nfd7 8. O-O
b6 9. Bf4 Bb7 10. Bd3 e6 11. Be4 Bxe4 12. Nxe4 Nc6 13. a3 f5 14. Neg5 Qe7 15.
Qb3 Rfe8 16. Rad1 Na5 17. Qc3 h6 18. Nh3 Rac8 19. Be3 c5 20. Qd2 Nc4 21. Qe2
Nxe3 22. Qxe3 Rcd8 23. Nf4 cxd4 24. Nxd4 Qf7 25. Nc6 Ra8 26. Qg3 Kh7 27. Rd2
Nxe5 28. Nxe5 Bxe5 29. Qe3 Bxf4 30. Qxf4 Rad8 31. Rfd1 Rxd2 32. Rxd2 e5 33. Qe3
Qc7 34. Qd3 e4 35. Qd7+ Re7 36. Qxc7 Rxc7 37. Kf1 h5 38. Ke2 h4 39. h3 Kh6 40.
f3 Re7 41. Ke3 exf3+ 42. Kxf3 g5 43. Rd6+ Kh5 44. g4+ hxg3 45. Kxg3 Re3+ 46. Kf2
Rxh3 47. Kg2 Rb3 48. Rd2 a5 49. Rf2 f4 50. Kh2 f3 0-1

[Event "AUTO-ADV-4506"]
[Site "http://www.queenalice.com/game.php?id=1761418"]
[Date "2021.6.5"]
[Round "1"]
[White "worldwide"]
[Black "carlitomontana93270"]
[Result "1-0"]
[WhiteElo "1940"]
[BlackElo "1580"]

1. Nf3 c5 2. d4 cxd4 3. Qxd4 Nc6 4. Qd1 Nf6 5. e3 e5 6. Nc3 Be7 7. Bc4 O-O 8.
Qe2 d6 9. Bd2 Bg4 10. h3 Bh5 11. g4 1-0

[Event "AUTO-ADV-4506"]
[Site "http://www.queenalice.com/game.php?id=1761419"]
[Date "2021.6.5"]
[Round "1"]
[White "carlitomontana93270"]
[Black "worldwide"]
[Result "0-1"]
[WhiteElo "1578"]
[BlackElo "1942"]

1. c4 e5 2. d3 d6 3. e3 Nf6 4. Be2 Be7 5. Nf3 Nc6 6. O-O Be6 7. Bd2 d5 8. cxd5
Nxd5 9. Nc3 Nxc3 10. bxc3 f6 11. Qa4 Bd7 0-1

[Event "AUTO-ADV-4441"]
[Site "http://www.queenalice.com/game.php?id=1769952"]
[Date "2021.9.16"]
[Round "2"]
[White "worldwide"]
[Black "pomar"]
[Result "1-0"]
[WhiteElo "1945"]
[BlackElo "1995"]

1. e4 e6 2. d4 d5 3. e5 c5 4. dxc5 Bxc5 5. Nf3 Qb6 6. Qd2 Nc6 7. Nc3 Bb4 8. a3
Qa5 9. axb4 Qxa1 10. Nb5 Kd8 11. Nd6 Ke7 12. b5 Nd8 13. Bd3 f6 14. O-O Qa4 15.
Qc3 Bd7 16. b3 Qg4 17. Ba3 fxe5 18. Nxe5 Qh5 19. Nf5+ 1-0

[Event "AUTO-ADV-4441"]
[Site "http://www.queenalice.com/game.php?id=1769953"]
[Date "2021.9.16"]
[Round "2"]
[White "pomar"]
[Black "worldwide"]
[Result "0-1"]
[WhiteElo "1947"]
[BlackElo "1963"]

1. f3 e5 2. Kf2 d5 3. e3 d4 4. d3 Nc6 5. g3 dxe3+ 6. Bxe3 Nge7 7. Bh3 Bxh3 8.
Nxh3 Nf5 9. Re1 Nxe3 10. Rxe3 Bc5 11. Qe2 f6 12. Kg2 Bxe3 13. Qxe3 Qd7 14. Nc3
O-O-O 15. Ne4 Rhe8 16. Nhf2 Qd4 17. Qxd4 exd4 18. Kf1 Nb4 19. c4 dxc3 20. bxc3
Nxd3 21. Rb1 Nxf2 22. Kxf2 f5 23. Nc5 b6 24. Nb3 c5 25. c4 a5 26. f4 a4 27. Nc1
Rd1 28. Rxb6 Rxc1 29. Rc6+ Kb7 30. Rxc5 Rc2+ 31. Kf3 Rxa2 32. Rxf5 Rxh2 33. Rf7+
Kc6 34. Ra7 Ree2 35. Rxa4 h5 36. g4 Rhf2+ 37. Kg3 Rg2+ 38. Kh4 Rxg4+ 39. Kxh5
Rg1 40. Ra6+ Kb7 41. Rg6 Rh2# 0-1

[Event "AUTO-ADV-4424"]
[Site "http://www.queenalice.com/game.php?id=1770934"]
[Date "2021.9.27"]
[Round "3"]
[White "saida"]
[Black "worldwide"]
[Result "0-1"]
[WhiteElo "1741"]
[BlackElo "2034"]

1. d4 d5 2. c4 e6 3. Nf3 c5 4. Bf4 Nf6 5. e3 Bd6 6. Bxd6 Qxd6 7. cxd5 Qxd5 8.
Nc3 Qd6 9. dxc5 Qxc5 10. Qd3 O-O 11. O-O-O Bd7 12. Be2 Nd5 13. Kb1 Nxc3+ 14.
Qxc3 Qxc3 15. bxc3 Ba4 16. Rd2 Nd7 17. Bd1 Nc5 18. Bxa4 Nxa4 19. Kc2 b5 20. Rb1
a6 21. Ne5 Rac8 22. Rd3 f6 23. Nf3 Nc5 24. Rd6 Ne4 25. Rd3 Nxf2 26. Rd2 Ng4 27.
Rd3 e5 28. Nh4 Rc4 29. Rb4 Rxb4 30. cxb4 Nxh2 31. Nf5 Rc8+ 32. Rc3 Rxc3+ 33.
Kxc3 Ng4 34. Kd3 g6 35. Ne7+ Kf7 36. Nd5 h5 37. Nc7 f5 38. Nxa6 Nf2+ 39. Ke2 Ne4
40. Kd3 Nd6 41. Nc7 g5 0-1

[Event "AUTO-ADV-4424"]
[Site "http://www.queenalice.com/game.php?id=1770935"]
[Date "2021.9.27"]
[Round "3"]
[White "worldwide"]
[Black "saida"]
[Result "1-0"]
[WhiteElo "1982"]
[BlackElo "1748"]

1. e4 e5 2. Nf3 Nc6 3. Nc3 Nf6 4. d3 Bb4 5. Bd2 O-O 6. a3 Ba5 7. Ne2 Bxd2+ 8.
Qxd2 d5 9. exd5 Nxd5 10. h4 Re8 11. h5 Bg4 12. Ng5 Qf6 13. f3 Be6 14. Ne4 Qf5
15. Rh4 h6 16. Nc5 Nf4 17. Nxf4 exf4 18. Ne4 Qb5 19. O-O-O Nd4 20. Nc3 Qg5 21.
Rxf4 Qc5 22. g4 b5 23. Qf2 Rad8 24. Nxb5 a6 25. Nxd4 Rxd4 26. Qxd4 Qxd4 27. Rxd4
c5 28. Ra4 1-0

[Event "AUTO-ADV-4424"]
[Site "http://www.queenalice.com/game.php?id=1770938"]
[Date "2021.9.27"]
[Round "3"]
[White "Alex_ac"]
[Black "worldwide"]
[Result "0-1"]
[WhiteElo "1849"]
[BlackElo "2015"]

1. d4 d5 2. e3 e6 3. a3 Nc6 4. c4 dxc4 5. Bxc4 Nf6 6. Nc3 Be7 7. h3 Nd5 8. Nxd5
exd5 9. Ba2 Be6 10. Nf3 Qd6 11. O-O h5 12. h4 f6 13. Bb1 O-O-O 14. e4 Bg4 15. e5
fxe5 16. Bf5+ Bxf5 17. dxe5 Nxe5 18. Bg5 Bg4 0-1

[Event "AUTO-ADV-4424"]
[Site "http://www.queenalice.com/game.php?id=1770939"]
[Date "2021.9.27"]
[Round "3"]
[White "worldwide"]
[Black "Alex_ac"]
[Result "1-0"]
[WhiteElo "2024"]
[BlackElo "1866"]

1. e4 d6 2. d4 h6 3. Nc3 a6 4. Nf3 Bg4 5. Be2 e6 6. d5 Nf6 7. Be3 Bxf3 8. Bxf3
Qd7 9. Qe2 Be7 10. dxe6 Qxe6 11. e5 Nbd7 12. Bxb7 Rb8 13. exf6 Nxf6 14. Bc6+ Nd7
15. Nd5 O-O 16. Nxe7+ Qxe7 17. Bxd7 Qxd7 18. O-O-O Qc6 19. Qg4 d5 20. Rd3 Rfe8
21. Bd4 f6 22. Rc3 Qb5 23. Rg3 Re7 24. Bxf6 Rf7 25. Bxg7 1-0

[Event "AUTO-ADV-4424"]
[Site "http://www.queenalice.com/game.php?id=1770940"]
[Date "2021.9.27"]
[Round "3"]
[White "maurice91"]
[Black "worldwide"]
[Result "1-0"]
[WhiteElo "1759"]
[BlackElo "2008"]

1. d4 d5 2. c4 e6 3. Nf3 c5 4. cxd5 exd5 5. e3 Nf6 6. Nc3 c4 7. a4 Bb4 8. Bd2 a5
9. b3 Bd7 10. bxc4 dxc4 11. Bxc4 Ne4 12. Nxe4 O-O 13. Bxb4 axb4 14. O-O Bg4 15.
Nc5 Nc6 16. h3 Bh5 17. Nxb7 Qe7 18. Nc5 Na5 19. Be2 Rfc8 20. Rb1 b3 21. Nxb3 Bg6
22. Nxa5 Bxb1 23. Qxb1 Rxa5 24. Bb5 Rb8 25. Qc2 h5 26. Qf5 g6 27. Qf4 Rb6 28.
Ne5 Rf6 29. Qg5 Ra8 30. Nd7 Re6 31. Qd5 Rd8 32. Qb7 Qd6 33. Nc5 Qe7 34. Qxe7
Rxe7 35. g3 Kg7 36. Kg2 Ra7 37. f4 f5 38. Ne6+ 1-0

[Event "AUTO-ADV-4424"]
[Site "http://www.queenalice.com/game.php?id=1770941"]
[Date "2021.9.27"]
[Round "3"]
[White "worldwide"]
[Black "maurice91"]
[Result "1-0"]
[WhiteElo "2002"]
[BlackElo "1749"]

1. e4 e6 2. d4 d5 3. e5 c5 4. c4 cxd4 5. Qxd4 Nc6 6. Qd1 d4 7. Nf3 Bc5 8. Bd3
Nge7 9. O-O h6 10. a3 a6 11. b4 Ba7 12. Bb2 Qc7 13. b5 axb5 14. cxb5 Nxe5 15.
Nxe5 Qxe5 16. Nd2 Bd7 17. Nc4 Qd5 18. a4 b6 19. Ba3 e5 20. f3 Rc8 21. Nd6+ Kf8
22. Nxc8 Bxc8 23. Rc1 Qe6 24. Rc7 Bb8 25. Rxe7 Qxe7 26. Bxe7+ Kxe7 27. Re1 g6
28. f4 f5 29. fxe5 Rd8 30. Qf3 Be6 31. Qb7+ Kf8 32. Qxb6 Re8 33. Qxd4 Re7 34.
Qd8+ Re8 35. Qf6+ Bf7 36. Bc4 Ba7+ 37. b6 Bxb6+ 38. Qxb6 Bxc4 39. Qc5+ 1-0

[Event "AUTO-MASTER-3030"]
[Site "http://www.queenalice.com/game.php?id=1774742"]
[Date "2021.11.13"]
[Round "3"]
[White "chessman"]
[Black "worldwide"]
[Result "1-0"]
[WhiteElo "2074"]
[BlackElo "2038"]

1. e4 e5 2. Nf3 Nc6 3. Bb5 a6 4. Ba4 Nf6 5. O-O Bd6 6. Re1 b5 7. Bb3 Na5 8. d4
Nxb3 9. axb3 Ng4 10. h3 Nh6 11. dxe5 Bc5 12. Qd5 Bxf2+ 13. Kxf2 c6 14. Qd6 Ng8
15. Bg5 Ne7 16. Nc3 h6 17. Bh4 g5 18. Bg3 O-O 19. Qxh6 1-0

[Event "AUTO-MASTER-3030"]
[Site "http://www.queenalice.com/game.php?id=1774743"]
[Date "2021.11.13"]
[Round "3"]
[White "worldwide"]
[Black "chessman"]
[Result "1/2-1/2"]
[WhiteElo "2023"]
[BlackElo "2071"]

1. Nf3 d5 2. d4 Nf6 3. e3 e6 4. Nc3 c5 5. dxc5 Bxc5 6. Bb5+ Bd7 7. Bxd7+ Qxd7 8.
Ne5 Qd8 9. O-O Nbd7 10. Nd3 Bb6 11. Na4 O-O 12. Nxb6 Nxb6 13. a4 Nc4 14. b3 Nd6
15. Ba3 Rc8 16. Nc5 b6 17. Nd3 Re8 18. Ne5 Nb7 19. Qe2 Qc7 20. Qa6 Qxe5 21. Qxb7
Qc7 22. Qxc7 Rxc7 23. Rac1 Rec8 24. f3 Rxc2 25. Rxc2 Rxc2 26. Rd1 Rc3 27. e4
Rxb3 28. Be7 h6 29. Bxf6 gxf6 30. exd5 exd5 31. Rxd5 Ra3 32. Rd4 Kg7 33. h4 a6
34. Rg4+ Kh7 35. h5 b5 36. axb5 axb5 37. Rb4 Ra5 1/2-1/2

[Event "AUTO-MASTER-3030"]
[Site "http://www.queenalice.com/game.php?id=1774746"]
[Date "2021.11.13"]
[Round "3"]
[White "clovis"]
[Black "worldwide"]
[Result "0-1"]
[WhiteElo "2138"]
[BlackElo "2067"]

1. e4 e5 2. Nf3 Nc6 3. Bc4 h6 4. O-O d6 5. d4 Nxd4 6. Nxd4 exd4 7. Qxd4 Ne7 8.
Nc3 Nc6 9. Qd3 Ne5 10. Qe2 Bg4 11. f3 Nxc4 12. fxg4 Ne5 13. Bf4 c6 14. Bxe5 dxe5
15. Rad1 Bc5+ 16. Kh1 Qe7 17. Rf5 O-O 18. Rdf1 Rad8 19. Qc4 a5 20. a4 Be3 21. h4
Bf4 22. Ne2 g6 23. Nxf4 gxf5 24. Nh5 Qxh4+ 25. Kg1 f4 26. Qe2 Rd4 27. Rf3 Rfd8
28. Rh3 Rd1+ 29. Kh2 Qg5 30. Nxf4 Qxf4+ 0-1

[Event "AUTO-MASTER-3030"]
[Site "http://www.queenalice.com/game.php?id=1774747"]
[Date "2021.11.13"]
[Round "3"]
[White "worldwide"]
[Black "clovis"]
[Result "1-0"]
[WhiteElo "2025"]
[BlackElo "2161"]

1. Nf3 d5 2. d4 Nf6 3. e3 Bf5 4. Bd3 e6 5. O-O Bd6 6. Bxf5 exf5 7. Nc3 O-O 8. b3
Ne4 9. Bb2 c6 10. Ne2 g5 11. Ne5 Qe7 12. f3 Bxe5 13. dxe5 Nc5 14. f4 Ne4 15. Nd4
Nd7 16. Nxf5 Qe6 17. fxg5 Nxe5 18. Nh6+ Kh8 19. Rf5 1-0